| 000 | 00762nam a2200265 a 4500 | ||
|---|---|---|---|
| 001 | 000021323 | ||
| 003 | DO-SdBNP | ||
| 005 | 20250204095951.0 | ||
| 007 | ta | ||
| 008 | 100906s1976 dr 000 0 spa d | ||
| 040 |
_aDO-SdBNP _bspa _cBNPHU _erda |
||
| 041 | _hspa | ||
| 082 |
_axxx _bC422e _222 |
||
| 100 | 1 |
_aCéspedes, Diógenes, _d1941- _eautor _920548 |
|
| 245 | 1 | 0 |
_aEscritos críticos / _cDiogenes Cespedes. |
| 264 |
_aSanto Domingo : _bCultural Dominicana, _c1976. |
||
| 300 |
_a302 páginas ; _c23 cm. |
||
| 336 |
_ardacontent _btexto _2txt |
||
| 337 |
_ardamedia _bsin mediación _2n |
||
| 338 |
_ardacarrier _bvolumen _2nc |
||
| 500 | _aIncluye notas al pie de las páginas | ||
| 590 | _aInventariado,2025/DG | ||
| 910 | _aDG | ||
| 942 |
_2ddc _cLBS1 |
||
| 999 |
_c20823 _d20823 |
||